| Tag |
First Indicator |
Second Indicator |
Subfields |
| LEADER |
00000cam a2200000Ka 4500 |
| 001 |
in00002872088 |
| 006 |
m d |
| 007 |
cr cnu---unuuu |
| 008 |
120404s2012 enk ob 001 0 eng d |
| 005 |
20250816212618.0 |
| 020 |
|
|
|a 9781136482434 (electronic bk.)
|
| 020 |
|
|
|a 1136482431 (electronic bk.)
|
| 020 |
|
|
|z 9780415897044 (electronic bk.)
|
| 020 |
|
|
|z 0415897041 (electronic bk.)
|
| 020 |
|
|
|z 9780203134696 (electronic bk.)
|
| 035 |
|
|
|a (NhCcYBP)ebr10535007
|
| 040 |
|
|
|a NhCcYBP
|c NhCcYBP
|d UtOrBLW
|
| 050 |
|
4 |
|a PE1404
|b .E26 2012
|
| 072 |
|
7 |
|a LAN
|x 005000
|2 bisacsh
|
| 072 |
|
7 |
|a LAN
|x 015000
|2 bisacsh
|
| 072 |
|
7 |
|a REF
|x 026000
|2 bisacsh
|
| 082 |
0 |
4 |
|a 808.066
|2 23
|
| 245 |
0 |
0 |
|a Ecology, writing theory, and new media :
|b writing ecology /
|c edited by Sidney I. Dobrin.
|
| 264 |
|
1 |
|a London :
|b Routledge,
|c 2012.
|
| 300 |
|
|
|a 1 online resource.
|
| 336 |
|
|
|a text
|b txt
|2 rdacontent
|
| 337 |
|
|
|a computer
|b c
|2 rdamedia
|
| 338 |
|
|
|a online resource
|b cr
|2 rdacarrier
|
| 490 |
1 |
|
|a Routledge studies in rhetoric and communication ;
|v 8
|
| 504 |
|
|
|a Includes bibliographical references and index.
|
| 588 |
|
|
|a Description based on print version record.
|
| 500 |
|
|
|a Electronic resource.
|
| 650 |
|
0 |
|a English language
|x Rhetoric
|x Study and teaching.
|
| 650 |
|
0 |
|a Natural history
|x Authorship
|x Study and teaching.
|
| 650 |
|
0 |
|a Environmental literature
|x Authorship
|x Study and teaching.
|
| 650 |
|
0 |
|a Ecology
|x Authorship
|x Study and teaching.
|
| 650 |
|
0 |
|a Interdisciplinary approach in education.
|
| 650 |
|
0 |
|a Mass media and language.
|
| 655 |
|
7 |
|a Electronic books.
|2 local
|
| 700 |
1 |
|
|a Dobrin, Sidney I.,
|d 1967-
|
| 710 |
2 |
|
|a ebrary, Inc.
|
| 776 |
1 |
8 |
|i Print version:
|t Ecology, writing theory, and new media.
|d London : Routledge, 2012
|z 9780415897044
|
| 830 |
|
0 |
|a Routledge studies in rhetoric and communication ;
|v 8.
|
| 856 |
4 |
0 |
|u https://ebookcentral.proquest.com/lib/tamucs/detail.action?docID=958011
|y Connect to the full text of this electronic book
|t 0
|
| 955 |
|
|
|a PDA YBP record
|
| 999 |
f |
f |
|s adf688af-cb7a-3495-8427-9acc60558a33
|i aef8029e-e3d6-361f-bd99-2685cf1d99b8
|t 0
|
| 999 |
|
|
|a MARS
|
| 952 |
f |
f |
|a Texas A&M University
|b College Station
|c Electronic Resources
|d Available Online
|t 0
|e PE1404 .E26 2012
|h Library of Congress classification
|
| 998 |
f |
f |
|a PE1404 .E26 2012
|t 0
|l Available Online
|